000
002490000a22001090004500
041
0
_a
ENG
082
0
4
_a
AV 0228
245
1
0
_a
A study for advent-christmas : Christ comes among us / Walker L. Railey
300
_a
48 Pág.
001
14097
942
_c
BK
999
_c
43010
_d
43010